The World Book encyclopedia of people and places.

Đã lưu trong:
书目详细资料
格式: 图书
语言:Undetermined
出版: Illinois 2000
主题:
标签: 添加标签
没有标签, 成为第一个标记此记录!
Thư viện lưu trữ: Trung tâm Học liệu Trường Đại học Cần Thơ
LEADER 00413nam a2200145Ia 4500
001 CTU_126357
008 210402s9999 xx 000 0 und d
082 |a 031 
082 |b W927/Vol.6 
245 4 |a The World Book encyclopedia of people and places. 
260 |a Illinois 
260 |c 2000 
650 |a Encyclopedias and dictionaries. 
904 |i Minh 
980 |a Trung tâm Học liệu Trường Đại học Cần Thơ